Industrial Capacity and Employment Promotion (Record no. 1940)

MARC details
000 -LEADER
fixed length control field 00335nam a22001337a 4500
008 - FIXED-LENGTH DATA ELEMENTS--GENERAL INFORMATION
fixed length control field 250217b |||||||| |||| 00| 0 eng d
020 ## - INTERNATIONAL STANDARD BOOK NUMBER
ISBN 056600433X
100 ## - MAIN ENTRY--AUTHOR
Author PHAN, Thug U.
245 ## - TITLE STATEMENT
Title Industrial Capacity and Employment Promotion
260 ## - PUBLICATION, DISTRIBUTION, ETC. (IMPRINT)
Place of publication England
Name of publisher Gower
Date of publication 1981
300 ## - COLLATION
Pagination vi, 383p.
942 ## - ADDED ENTRY ELEMENTS (KOHA)
Item type Books
050 ## - LIBRARY OF CONGRESS CALL NUMBER
Classification number HD5852
Item number .P45
Holdings
Source of classification or shelving scheme Not for loan Permanent location Current location Date acquired Accession No. Full call number Barcode. Koha item type
Library of Congress Classification   Samuel Ogbemudia Main Library, University of Abuja Samuel Ogbemudia Main Library, University of Abuja 02/17/2025 91/002930 HD5852.P43 2025-0074 Books